Statistics for Country and Capital Neighbour Connect with Jumps and Disappearing World Map: Last Alphabetically

Click here to take the quiz!

General Stats

  • This quiz has been taken 550 times
  • The average score is 199 of 392

Answer Stats

Hint Hint Country/Capital % Correct
438310Zambia
100%
447325Zimbabwe
100%
418328Windhoek
86%
431365South Africa
85%
451.3350.1Swaziland
84%
401148Tunisia
83%
401148Tunis
83%
419.3172.9Tripoli
83%
383232.4Togo
83%
448.5209.5Sudan
83%
403.3203.9Niger
83%
449.6239.5South Sudan
83%
418328Namibia
83%
431365Pretoria
83%
347212Senegal
83%
438310Lusaka
83%
453.1256.6Uganda
83%
459.1282.5Tanzania
83%
37786United Kingdom
82%
366153.5Rabat
82%
372127.5Spain
82%
361.7127.6Portugal
82%
354195.5Nouakchott
82%
377219Ouagadougou
82%
385.7225Porto-Novo
82%
368235.9Yamoussoukro
82%
419.3172.9Libya
82%
354232.9Sierra Leone
82%
359.2239.6Liberia
81%
372127.5Madrid
81%
361.7127.6Lisbon
81%
359.2239.6Monrovia
81%
353.3224.2Guinea
81%
525122.5Uzbekistan
76%
525122.5Tashkent
76%
501.3152.5Tehran
76%
480.5125Yerevan
76%
418108Zagreb
76%
460.3130.6Turkey
76%
513130.6Turkmenistan
76%
614.2104.1Mongolia
75%
57752Moscow
75%
614.2104.1Ulaanbaatar
75%
597188.5Naypyidaw
75%
556185.9New Delhi
75%
584.1169.4Thimphu
75%
556185.9India
75%
610.3194.9Laos
75%
616219.1Phnom Penh
75%
624.3219.9Vietnam
75%
610.3194.9Vientiane
75%
608207.9Thailand
75%
615140.9China
75%
408.5113.9San Marino (cap)
75%
416.4124.2Rome
75%
408.5120.7Vatican City (cap)
75%
408.5120.7Vatican City
75%
398.4103.5Switzerland
75%
402103.1Vaduz
75%
413106.5Slovenia
75%
57752Russia
75%
416.4124.2Italy
75%
414.2100.9Vienna
75%
533100Kazakhstan
75%
545.2133.5Tajikistan
75%
548122Kyrgyzstan
75%
408.5113.9San Marino
75%
535.7164.2Islamabad
74%
478.8149.9Iraq
74%
467143Syria
74%
528149.2Kabul
74%
501.3152.5Iran
74%
535.7164.2Pakistan
74%
43870.6Riga
74%
43964.8Tallinn
74%
434.376.3Vilnius
74%
420301.2Luanda
73%
433267.2Kinshasa
73%
416.9260.5Republic of the Congo
73%
447.8267.7Rwanda
73%
407247Yaoundé
73%
488230Somalia
73%
502182.5Abu Dhabi
73%
488230Mogadishu
73%
465.8259.9Nairobi
73%
447.8267.7Kigali
73%
453.1256.6Kampala
73%
423.687.1Warsaw
73%
488.3208.2Yemen
73%
462.3158.9Jordan
73%
459157Jerusalem
73%
461.7146.8Lebanon
73%
488.3208.2Sana'a
73%
482.1179.9Saudi Arabia
73%
509.33187.2Muscat
73%
482.1179.9Riyadh
73%
509.33187.2Oman
73%
502182.5United Arab Emirates
73%
354195.5Mauritania
72%
377202.2Mali
72%
366153.5Morocco
72%
377202.2Bamako
72%
403.3203.9Niamey
72%
384.2167.2Algiers
72%
465.8259.9Kenya
72%
756.2263.4Nauru
72%
756.2263.4Yaren
72%
398230.8Nigeria
72%
449.6239.5Juba
72%
422.6209.4N'Djamena
72%
448.5209.5Khartoum
72%
776.7391.9Wellington
71%
354232.9Freetown
71%
776.7391.9New Zealand
71%
347212Dakar
71%
353.3224.2Conakry
71%
347.7220.3Guinea-Bissau
71%
14366Canada
70%
14366Ottawa
70%
153129United States
70%
153129Washington D.C.
70%
208292Peru
68%
216.3247.5Colombia
68%
204265.5Quito
68%
248.9339.7Paraguay
68%
232235Caracas
68%
236319La Paz
68%
208292Lima
68%
218384Santiago
68%
254.4248.1Suriname
68%
232235Venezuela
68%
248242Georgetown
68%
248242Guyana
68%
386105Paris
68%
254.4248.1Paramaribo
68%
266294Brazil
67%
254.9370.2Uruguay
67%
254.9370.2Montevideo
67%
505.5277Victoria
67%
234373Buenos Aires
67%
505.5277Seychelles
67%
386105France
66%
427.6113Serbia
65%
425.5124Tirana
65%
421113Sarajevo
65%
423.7117.8Montenegro
65%
429.5121.7Skopje
65%
423.7117.8Podgorica
65%
427.5118.5Pristina
65%
40489.9Germany
65%
437.8117.9Sofia
65%
41493.8Prague
65%
42398Slovakia
65%
436.7107.1Romania
65%
39386.9Netherlands
65%
450.696Ukraine
65%
444.4102Moldova
64%
450.696Kiev
64%
436.7107.1Bucharest
64%
429.5121.7Macedonia
64%
437.8117.9Bulgaria
64%
427.5118.5Kosovo
64%
430129Greece
64%
43964.8Estonia
63%
755.5318.6Port Vila
63%
755.5318.6Vanuatu
63%
434.376.3Lithuania
63%
43870.6Latvia
63%
423.687.1Poland
63%
443.481.2Minsk
63%
242.5226.6Port-of-Spain
60%
242.5226.6Trinidad and Tobago
60%
412.9141.1Malta
59%
412.9141.1Valletta
59%
804.5282.8Tuvalu
59%
184.5210.7Tegucigalpa
58%
693.3140Tokyo
58%
693.3140Japan
58%
804.5282.8Funafuti
58%
798.1328.7Nukuʻalofa
57%
198232.5Panama
57%
192228Costa Rica
57%
192228San José
57%
188.2218.1Managua
57%
198232.5Panama City
57%
188.2218.1Nicaragua
57%
180.4215San Salvador
57%
798.1328.7Tonga
57%
184.5210.7Honduras
57%
652.9182.1Taiwan
55%
652.9182.1Taipei
55%
460.3130.6Ankara
54%
459157Israel
54%
467143Damascus
54%
479120Tbilisi
54%
479120Georgia
54%
480.5125Armenia
54%
487.6125Azerbaijan
54%
487.6125Baku
54%
43752Helsinki
53%
43752Finland
53%
401.757Norway
53%
401.757Oslo
53%
447171.3Egypt
53%
414.360.5Sweden
53%
447171.3Cairo
53%
414.360.5Stockholm
53%
562235.3Sri Jayawardenepura Kotte
52%
562235.3Sri Lanka
52%
665.7127Pyongyang
51%
615140.9Beijing
51%
569.8166.5Kathmandu
51%
669139Seoul
51%
569.8166.5Nepal
51%
665.7127North Korea
51%
669139South Korea
51%
21272South Tarawa
51%
782.9320.1Fiji
51%
21272Kiribati
51%
782.9320.1Suva
51%
742.1295Honiara
50%
742.1295Solomon Islands
50%
395.5260.6São Tomé
47%
395.5260.6São Tomé and Príncipe
47%
614.2256.7Singapore
47%
614.2256.7Singapore (cap)
47%
243.2214.6Saint Lucia
46%
242.7216.8Kingstown
46%
243.2214.6Castries
46%
239.4203.4Saint Kitts and Nevis
46%
239.4203.4Basseterre
46%
242.7216.8Saint Vincent and the Grenadines
46%
221197Santo Domingo
46%
218196Port-au-Prince
46%
218196Haiti
46%
221197Dominican Republic
46%
802.8307.7Apia
46%
802.8307.7Samoa
46%
241.6220.6Grenada
43%
241.6220.6Saint George's
43%
241.4204Saint John's
43%
241.4204Antigua and Barbuda
43%
635.5264Indonesia
42%
610.3247.2Kuala Lumpur
42%
635.5264Jakarta
42%
610.3247.2Malaysia
42%
664.3290.8East Timor
42%
510.1329.1Mauritius
42%
510.1329.1Port Louis
42%
664.3290.8Dili
42%
703.7282.4Papua New Guinea
42%
703.7282.4Port Moresby
42%
242.4209.5Dominica
42%
242.4209.5Roseau
42%
34143Reykjavík
42%
34143Iceland
42%
657220.6Philippines
41%
657220.6Manila
41%
680.5241.3Palau
41%
680.5241.3Ngerulmud
41%
717.7235.2Palikir
40%
717.7235.2Federated States of Micronesia
40%
326.7206.9Cape Verde
40%
495.7176.2Doha
40%
326.7206.9Praia
40%
495.7176.2Qatar
40%
455.3143.7Cyprus
39%
455.3143.7Nicosia
39%
467309.5Mozambique
36%
467309.5Maputo
36%
456307Malawi
36%
456307Lilongwe
36%
451.3350.1Mbabane
36%
209180.9Nassau
36%
209180.9Bahamas
36%
404255.8Malabo
35%
407247Cameroon
35%
406.5264Libreville
35%
404255.8Equatorial Guinea
35%
422.6209.4Chad
35%
406.5264Gabon
35%
427.6239Central African Republic
35%
583181.8Dhaka
35%
597188.5Myanmar
35%
459.1282.5Dodoma
35%
583181.8Bangladesh
35%
433267.2Democratic Republic of the Congo
35%
151182Mexico City
33%
151182Mexico
33%
177.4210Guatemala City
32%
177.4210Guatemala
32%
479.4301.4Moroni
32%
180.4215El Salvador
32%
479.4301.4Comoros
32%
760.6232.2Marshall Islands
31%
760.6232.2Majuro
31%
444360.5Lesotho
31%
444360.5Maseru
31%
486324.3Madagascar
30%
486324.3Antananarivo
30%
397.2114.5Monaco (cap)
30%
545.9248.9Malé
30%
545.9248.9Maldives
30%
397.2114.5Monaco
30%
494.3174Manama
26%
494.3174Bahrain
26%
398230.8Abuja
24%
385.7225Benin
24%
368235.9Cote d'Ivoire
24%
378.2234.5Ghana
24%
383232.4Lomé
24%
401.573.5Denmark
24%
394.394.2Luxembourg
24%
394.394.2Luxembourg (cap)
24%
39191Brussels
24%
40489.9Berlin
24%
377219Burkina Faso
24%
401.573.5Copenhagen
24%
36382.5Ireland
23%
37786London
23%
36382.5Dublin
23%
487162.9Kuwait City
22%
487162.9Kuwait
22%
478.8149.9Baghdad
21%
206200.2Jamaica
21%
413106.5Ljubljana
21%
424.4103.1Hungary
21%
206200.2Kingston
21%
462.3158.9Amman
20%
402103.1Liechtenstein
20%
424.4103.1Budapest
20%
418108Croatia
20%
398.4103.5Bern
20%
42398Bratislava
20%
41493.8Czech Republic
20%
414.2100.9Austria
20%
206190.2Havana
17%
435336.1Gaborone
16%
435336.1Botswana
16%
206190.2Cuba
16%
447325Harare
16%
204265.5Ecuador
14%
470234.2Addis Ababa
14%
466.3209.2Asmara
14%
266294Brasília
14%
384118.7Andorra
14%
384118.7Andorra la Vella
14%
476.4221.6Djibouti
14%
236319Bolivia
14%
216.3247.5Bogotá
14%
476.4221.6Djibouti (cap)
14%
616219.1Cambodia
14%
624.3219.9Hanoi
14%
344216Gambia
14%
608207.9Bangkok
14%
344216Banjul
14%
470234.2Ethiopia
14%
466.3209.2Eritrea
14%
447.8272.6Burundi
13%
638.6246.1Bandar Seri Begawan
13%
447.8272.6Bujumbura
13%
638.6246.1Brunei
13%
218384Chile
13%
234373Argentina
13%
248.9339.7Asunción
13%
180.9203.6Belize
12%
180.9203.6Belmopan
12%
246.5217Barbados
12%
246.5217Bridgetown
12%
683342Canberra
12%
683342Australia
12%
548122Bishkek
12%
545.2133.5Dushanbe
12%
513130.6Ashgabat
12%
533100Astana
12%
444.4102Chișinău
12%
528149.2Afghanistan
12%
421113Bosnia and Herzegovina
11%
461.7146.8Beirut
11%
416.9260.5Brazzaville
11%
427.6239Bangui
11%
427.6113Belgrade
11%
378.2234.5Accra
11%
384.2167.2Algeria
11%
425.5124Albania
10%
443.481.2Belarus
10%
584.1169.4Bhutan
10%
347.7220.3Bissau
10%
39191Belgium
10%
39386.9Amsterdam
10%
430129Athens
10%
420301.2Angola
9%

Score Distribution

Percentile by Number Answered

Percent of People with Each Score

Your Score History

You have not taken this quiz